Countries That Participated in D-Day - Statistics

General Stats
  • This quiz has been taken 174 times
  • The average score is 23 of 28
Answer Stats
Beach Alliance Answer % Correct
Gold Allies United Kingdom
99%
Sword Allies United Kingdom
99%
Omaha Allies United Kingdom
99%
Juno Allies United Kingdom
99%
Utah Allies United Kingdom
99%
Omaha Allies United States
99%
Utah Allies United States
99%
Omaha Allies Canada
98%
Juno Allies Canada
98%
Sword Allies France
98%
Omaha Allies France
98%
Juno Allies France
98%
Gold Axis Germany
82%
Sword Axis Germany
82%
Omaha Axis Germany
82%
Juno Axis Germany
82%
Utah Axis Germany
82%
Minor Forces Allies Australia
81%
Gold Allies Netherlands
79%
Minor Forces Allies New Zealand
78%
Minor Forces Allies Belgium
77%
Gold Allies Poland
76%
Sword Allies Poland
76%
Sword Allies Norway
75%
Juno Allies Norway
75%
Minor Forces Allies Greece
55%
Minor Forces Allies Czechoslovakia
33%
Minor Forces Axis Slovakia
18%
No matching quizzes found
Score Distribution
Percent of People with Each Score
Percentile by Number Answered
Your Score History
You have not taken this quiz